=LDR 00000nam 2200000 4500 =001 NUTBA000000000001498 =005 20230328092331 =035 ##$$a 0010-041400000000768 =008 230328################g##########0#ind## =082 ##$$a 370.152 =090 ##$$a 370.152 Sus s =100 ##$$a Susilo, M. Joko =245 1#$$a Sukses dengan Gaya Belajar /$c M. Joko Susilo =260 ##$$a Yogyakarta :$b Pinus,$c 2009 =300 ##$$a 170 hlm ; $c 21 cm =440 ##$$a Gaya Belajar Menjadi Makin Pintar =650 #4$$a Psikologi =020 ##$$a 978 602 8533 15 7 =084 ##$$a 370.152 SUS s =250 ##$$a Cet. 2 =500 ##$$a Biografi hlm. 169-170 =504 ##$$a Bibliografi hlm. 163--167 =990 ##$$a 21006107 =990 ##$$a 21195856/BPAP-NTB/2014 =990 ##$$a 21400613/BPAP-NTB/20142014 =990 ##$$a 21400613/BPAP-NTB/20142014 =990 ##$$a 21400613/BPAP-NTB/20142014